000 01269nam a2200277 i 4500
001 13960
003 ES-MaACL
005 20250630001402.0
007 t|
008 980825s1996 sp ||||1| spa d
020 _a84-7796-810-1
080 _a9(=924:460.25)(063)
111 2 _aJornadas Extremeñas de Estudios Judaicos (
_d1995.
_cHervás)
_9826
245 1 0 _aRaíces hebreas en Extremadura
_b: del candelabro a la encina : Hervás, 16, 17, 18 y 19 de marzo de 1995 : actas /
_cedición a cargo de Fernando Cortés Cortés, Lucía Castellano Barrios ; edición literaria: Antonio J. Escudero Ríos, Isabel Escudero Ríos.
260 _aBadajoz :
_bDiputación :
_bJunta de Extremadura, Consejería de Cultura y Patrimonio,
_c[1996]
300 _a470 p. ;
_c24 cm.
650 1 4 _aJudíos-
_zExtremadura-
_vCongresos y asambleas.
_913992
700 1 _aCortés Cortés, Fernando.
_940880
700 1 _aCastellano Barrios, Lucía.
_936512
700 1 _aEscudero Ríos, Antonio José.
_947710
700 1 _aEscudero, Isabel,
_d1944-2017
_947684
710 1 _aBadajoz (Provincia).
_bDiputación Provincial
_92081
710 1 _aExtremadura.
_bConsejería de Cultura y Patrimonio.
_94051
852 _aES-MaACL
_jL-21280
_bR.126385
999 _c13960
_d13960